Villes d'Europe sur une carte par lettre - R - Statistiques

Statistiques générales
  • Ce quiz a été pris 189 fois
  • Le résultat moyen est 6 sur 10
Réponses sur la Carte
Les réponses sont colorées sur une échelle allant du rouge au vert en fonction du pourcentage des utilisateurs qui les ont devinées à leur premier essai. Vous pouvez retrouver ces pourcentages ci-dessous.
 
Statistiques - réponses
Ville en R % Correct
Reims
96%
Rome
96%
Rotterdam
94%
Reykjavik
89%
Riga
89%
Rostov-sur-le-Don
47%
Rostock
40%
Reggio de Calabre
29%
Rijeka
28%
Reading
25%
Aucun quiz correspondant
Distribution des résultats
% des personnes avec chaque résultat
Percentile par nombre de réponses
Votre historique - résultats
Vous n’avez pas pris ce quiz